Library Banner

1857 (tareekhi, ilmi aur adabi pehlu) (Urdu)(1857 تاریخی، علمی، اور ادبی پہلو) (Record no. 47907)

MARC details
000 -LEADER
fixed length control field 00739nam a2200205Ia 4500
001 - CONTROL NUMBER
control field 50245
003 - CONTROL NUMBER IDENTIFIER
control field OSt
005 - DATE AND TIME OF LATEST TRANSACTION
control field 20150622124000.0
008 - FIXED-LENGTH DATA ELEMENTS--GENERAL INFORMATION
fixed length control field 140502s9999 xx 000 0 und d
020 ## - INTERNATIONAL STANDARD BOOK NUMBER
International Standard Book Number 9693519817
040 ## - CATALOGING SOURCE
Transcribing agency PK-LaUMT
082 ## - DEWEY DECIMAL CLASSIFICATION NUMBER
Classification number 954.0317
Item number IKR-E
100 ## - MAIN ENTRY--PERSONAL NAME
Personal name Ikram Chughatai, M.(اکرام چغتائی ایم)
245 ## - TITLE STATEMENT
Title 1857 (tareekhi, ilmi aur adabi pehlu) (Urdu)(1857 تاریخی، علمی، اور ادبی پہلو)
Statement of responsibility, etc Ikram Chughatai, M.(اکرام چغتائی، ایم )
260 ## - PUBLICATION, DISTRIBUTION, ETC. (IMPRINT)
Place of publication, distribution, etc Lahore,Pakistan:(لاہور، پاکستان )
Name of publisher, distributor, etc Sang-e-Meel Publications,(سنگ میل پبلیکیشنز)
Date of publication, distribution, etc 2007
300 ## - PHYSICAL DESCRIPTION
Extent 728 p.
546 ## - LANGUAGE NOTE
Language note UR
650 ## - SUBJECT ADDED ENTRY--TOPICAL TERM
Topical term or geographic name as entry element History-Indian mutiny (1857)
942 ## - ADDED ENTRY ELEMENTS (KOHA)
Koha item type Books
Source of classification or shelving scheme Dewey Decimal Classification
Holdings
Withdrawn status Lost status Damaged status Not for loan Home library Current library Date acquired Total Checkouts Full call number Barcode Date last seen Date checked out Price effective from Koha item type
        UMT Main Campus UMT Main Campus 2014-05-02 1 954.0317 IKR-E 60265 2017-04-01 2017-03-11 2014-05-08 Books